Založenie spoločnosti s ručením obmedzeným zjednodušeným spôsobom od 1. februára 2023

Založenie spoločnosti s ručením obmedzeným (s. r. o.) je od 1. 2. 2023 možné zjednodušeným spôsobom, a to prostredníctvom vyplnenia elektronického formulára. Predpoklady na zjednodušené založenie spoločnosti s ručením obmedzeným. Výhody a nevýhody založenia s. r. o. zjednodušeným spôsobom.

Gespeichert in:
Bibliographische Detailangaben
1. Verfasser: Mičudová, Tatiana
Format: Buchkapitel
Sprache:Slowakisch
Schlagworte:
Tags: Tag hinzufügen
Keine Tags, Fügen Sie das erste Tag hinzu!

MARC

LEADER 00000naa a2200000 4500
001 0292159
005 20240417075234.1
041 0 |a slo 
044 |a SK 
245 1 0 |a Založenie spoločnosti s ručením obmedzeným zjednodušeným spôsobom od 1. februára 2023  |c Tatiana Mičudová 
520 |a Založenie spoločnosti s ručením obmedzeným (s. r. o.) je od 1. 2. 2023 možné zjednodušeným spôsobom, a to prostredníctvom vyplnenia elektronického formulára. Predpoklady na zjednodušené založenie spoločnosti s ručením obmedzeným. Výhody a nevýhody založenia s. r. o. zjednodušeným spôsobom. 
610 2 0 |a spoločnosti s r.o. 
610 2 0 |a založenie podniku 
610 2 0 |a formuláre 
610 2 0 |a dokumenty elektronické 
610 2 0 |a legislatíva 
610 2 0 |a novelizácia 
610 2 0 |a zákony 
100 1 |a Mičudová, Tatiana